000 00616nam a2200205Ia 4500
003 GCL
008 140319s9999 xx 000 0 ara d
040 _aGCL /
_cGCL
082 0 4 _a811.4
_bب ا
100 1 _aمحمد حمامى
245 1 0 _aابونواس وديوانه الشعرى /
_cمحمد حمامى
700 1 _aبدرالدين حاضرى
260 _a[S.N] :
_bدار الشرق العربى ،
_c1992
300 _a629 ص
490 _a
650 0 4 _aالشعر العربى
650 0 4 _aدواوين وقصائد
650 0 4 _aابونواس، الحسن بن هانى
942 _2ddc
_cBK
999 _c43688
_d43688